[Event "Winnipeg op"]
[Site "Winnipeg CAN"]
[Date "2017.07.18"]
[Round "7"]
[White "Magyar, Peter"]
[Black "Hemphill, Jim"]
[Result "0-1"]
[WhiteElo "1559"]
[BlackElo "1762"]
[WhiteFideId "-1"]
[WhiteFideId "-1"]
[PlyCount "65"]
[GameId "2160767908411310"]
[EventDate "2017.06.06"]
[EventType "swiss"]
[EventRounds "8"]
[EventCountry "CAN"]
[SourceTitle "EXT 2022"]
[Source "ChessBase"]
[SourceDate "2021.10.06"]
[SourceVersion "1"]
[SourceVersionDate "2021.10.06"]
[SourceQuality "1"]

1. d4 e6 2. Bf4 d5 3. Nf3 Nf6 4. h3 c5 5. c3 Qb6 6. Qb3 c4 7. Qxb6 axb6 8. e3 Nc6 9. Be2 Be7 10. O-O Bd7 11. Nbd2 O-O 12. a4 Na5 13. Bd1 Rfc8 14. Ne5 Be8 15. Bc2 Bf8 16. Rfc1 Bc6 17. b4 cxb3 18. Nxb3 Be8 19. Nd2 Nd7 20. Ndf3 Nxe5 21. Nxe5 f6 22. Nd3 Rxc3 23. Nb2 Rcc8 24. Bd1 Bg6 25. Rxc8 Rxc8 26. Be2 Rc2 27. Bd3 Rxb2 28. Bxg6 hxg6 29. Re1 Bb4 30. Rd1 Nc4 31. e4 Re2 32. Rb1 Re1+ 33. Rxe1 0-1

[Event "Winnipeg op"]
[Site "Winnipeg CAN"]
[Date "2017.07.18"]
[Round "7"]
[White "Nones, Teodulfo II"]
[Black "Wolchock, Theo"]
[Result "1-0"]
[WhiteElo "2281"]
[BlackElo "2103"]
[WhiteFideId "-1"]
[WhiteFideId "-1"]
[PlyCount "63"]
[GameId "2160767908411311"]
[EventDate "2017.06.06"]
[EventType "swiss"]
[EventRounds "8"]
[EventCountry "CAN"]
[SourceTitle "EXT 2022"]
[Source "ChessBase"]
[SourceDate "2021.10.06"]
[SourceVersion "1"]
[SourceVersionDate "2021.10.06"]
[SourceQuality "1"]

1. g3 e5 2. Bg2 Nc6 3. d3 g6 4. Nf3 Bg7 5. e4 Nf6 6. O-O O-O 7. c3 d5 8. Nbd2 a5 9. a4 h6 10. Re1 Re8 11. Qc2 d4 12. Nc4 Nd7 13. cxd4 Nb4 14. Qb1 exd4 15. Bd2 Nc5 16. Bxb4 axb4 17. b3 b5 18. axb5 Rxa1 19. Qxa1 Nxd3 20. Rd1 Nc5 21. e5 Bg4 22. Rxd4 Qc8 23. Qd1 Be6 24. b6 Bxc4 25. Rxc4 cxb6 26. Rxb4 Qa6 27. Bf1 Qa7 28. Qd6 Re6 29. Qd8+ Kh7 30. Bc4 Re7 31. Rxb6 Qa1+ 32. Kg2 1-0

[Event "Winnipeg op"]
[Site "Winnipeg CAN"]
[Date "2017.07.18"]
[Round "7"]
[White "Piche, Jeremie"]
[Black "Einarsson, Ken"]
[Result "0-1"]
[WhiteElo "1686"]
[BlackElo "1777"]
[WhiteFideId "-1"]
[WhiteFideId "-1"]
[PlyCount "84"]
[GameId "2160767908411312"]
[EventDate "2017.06.06"]
[EventType "swiss"]
[EventRounds "8"]
[EventCountry "CAN"]
[SourceTitle "EXT 2022"]
[Source "ChessBase"]
[SourceDate "2021.10.06"]
[SourceVersion "1"]
[SourceVersionDate "2021.10.06"]
[SourceQuality "1"]

1. e4 c6 2. d3 d5 3. Nd2 e5 4. Ngf3 Bg4 5. h3 Bh5 6. g4 Bg6 7. Nxe5 dxe4 8. dxe4 Qf6 9. Nxg6 Qxg6 10. Bd3 Nd7 11. f4 Qf6 12. Nf3 O-O-O 13. e5 Qe7 14. Qe2 h5 15. g5 Nc5 16. Bf5+ Ne6 17. Be3 Qb4+ 18. Kf2 Bc5 19. c3 Bxe3+ 20. Qxe3 Qxb2+ 21. Kg3 Ne7 22. Be4 Qb6 23. Qe2 Nd5 24. Bxd5 Rxd5 25. Rhb1 Rb5 26. Nd2 Rd8 27. Nc4 Qc5 28. Nd6+ Rxd6 29. exd6 Qxd6 30. Qf3 Nxg5 31. Qe3 Ne6 32. Rd1 Qc7 33. Rd2 g5 34. Kg2 gxf4 35. Qxa7 f3+ 36. Kf1 Qg3 37. Rad1 Qxh3+ 38. Kf2 Qg2+ 39. Ke3 Qg5+ 40. Kd3 Nc5+ 41. Kc2 Qf5+ 42. Kc1 Rb1# 0-1

[Event "Winnipeg op"]
[Site "Winnipeg CAN"]
[Date "2017.07.18"]
[Round "7"]
[White "Piche, Zachary"]
[Black "Marshall, Carter"]
[Result "1-0"]
[WhiteElo "1456"]
[BlackElo "1451"]
[WhiteFideId "-1"]
[WhiteFideId "-1"]
[PlyCount "61"]
[GameId "2160767908411313"]
[EventDate "2017.06.06"]
[EventType "swiss"]
[EventRounds "8"]
[EventCountry "CAN"]
[SourceTitle "EXT 2022"]
[Source "ChessBase"]
[SourceDate "2021.10.06"]
[SourceVersion "1"]
[SourceVersionDate "2021.10.06"]
[SourceQuality "1"]

1. Nf3 d5 2. g3 Nf6 3. Bg2 Bf5 4. c4 e6 5. Qb3 Bc5 6. O-O O-O 7. Qxb7 Nbd7 8. cxd5 Nxd5 9. Nc3 Rb8 10. Qa6 Nb4 11. Qc4 Nc2 12. Rb1 Na3 13. bxa3 Bxb1 14. d4 Be7 15. Bf4 Rc8 16. Rxb1 c5 17. Ne4 cxd4 18. Qxd4 Qa5 19. Qxd7 Qxa3 20. Be3 Qxa2 21. Rb7 Rcd8 22. Qxe7 Qxe2 23. Nd6 Qd1+ 24. Bf1 Rxd6 25. Ng5 h6 26. Nxf7 Qh5 27. Nxd6 Qg4 28. Bxh6 e5 29. Qxg7+ Qxg7 30. Rxg7+ Kh8 31. Nf7+ 1-0

[Event "Winnipeg op"]
[Site "Winnipeg CAN"]
[Date "2017.07.18"]
[Round "7"]
[White "Prince, Colin"]
[Black "Wiebe, Isaac"]
[Result "0-1"]
[WhiteElo "1451"]
[BlackElo "1667"]
[WhiteFideId "-1"]
[WhiteFideId "-1"]
[PlyCount "124"]
[GameId "2160767908411314"]
[EventDate "2017.06.06"]
[EventType "swiss"]
[EventRounds "8"]
[EventCountry "CAN"]
[SourceTitle "EXT 2022"]
[Source "ChessBase"]
[SourceDate "2021.10.06"]
[SourceVersion "1"]
[SourceVersionDate "2021.10.06"]
[SourceQuality "1"]

1. e4 e5 2. Nf3 Nc6 3. Bc4 Bc5 4. c3 Nf6 5. d4 exd4 6. cxd4 Bb4+ 7. Nc3 Nxe4 8. O-O Bxc3 9. d5 Bf6 10. Re1 Ne7 11. Rxe4 d6 12. Bg5 Bxg5 13. Nxg5 h6 14. Qe2 hxg5 15. Re1 Be6 16. dxe6 f6 17. Re3 c6 18. Qc2 Qc7 19. g3 O-O-O 20. Qa4 d5 21. Bf1 Kb8 22. Ra3 b6 23. Rc1 Rh6 24. h3 f5 25. Re1 Rd6 26. Rae3 Qc8 27. Ra3 Qc7 28. Rae3 f4 29. gxf4 Rh4 30. Rf3 Rd8 31. Qd4 Rxf4 32. Rxf4 gxf4 33. Qe5 Qxe5 34. Rxe5 Kc7 35. Rg5 g6 36. Be2 d4 37. Kf1 Kd6 38. Bc4 b5 39. Bb3 c5 40. a4 bxa4 41. Bxa4 Rh8 42. Kg2 Rb8 43. b3 Rc8 44. Bd7 Rb8 45. Ba4 Rb4 46. Kf3 c4 47. Rb5 Rxb5 48. Bxb5 cxb3 49. Kxf4 b2 50. Bd3 Kxe6 51. h4 Kf6 52. Ke4 Nf5 53. Kd5 Ke7 54. Kc4 Kf6 55. Kb3 Nxh4 56. Kxb2 g5 57. Ka3 Ke5 58. Ka4 Ng2 59. Ka5 Nf4 60. Bc2 d3 61. Bd1 Ne2 62. Ka6 Nc3 0-1

[Event "Winnipeg op"]
[Site "Winnipeg CAN"]
[Date "2017.07.18"]
[Round "7"]
[White "Remillard, John"]
[Black "Bince, Rolando"]
[Result "0-1"]
[WhiteElo "1636"]
[BlackElo "2051"]
[WhiteFideId "-1"]
[WhiteFideId "-1"]
[PlyCount "38"]
[GameId "2160767908411315"]
[EventDate "2017.06.06"]
[EventType "swiss"]
[EventRounds "8"]
[EventCountry "CAN"]
[SourceTitle "EXT 2022"]
[Source "ChessBase"]
[SourceDate "2021.10.06"]
[SourceVersion "1"]
[SourceVersionDate "2021.10.06"]
[SourceQuality "1"]

1. d4 Nf6 2. Nf3 d5 3. Bf4 Bf5 4. Nc3 e6 5. a3 Be7 6. Nb5 Na6 7. e3 Ne4 8. c4 c6 9. Nc3 Nxc3 10. bxc3 Qa5 11. Qc1 O-O 12. Nd2 Rac8 13. f3 c5 14. g4 Bg6 15. h4 h6 16. g5 h5 17. Qb2 b6 18. cxd5 cxd4 19. cxd4 Rc2 0-1

[Event "Winnipeg op"]
[Site "Winnipeg CAN"]
[Date "2017.07.18"]
[Round "7"]
[White "Swift, Ryne"]
[Black "Letain, Cory"]
[Result "1-0"]
[WhiteElo "1927"]
[BlackElo "1632"]
[WhiteFideId "-1"]
[WhiteFideId "-1"]
[PlyCount "33"]
[GameId "2160767908411316"]
[EventDate "2017.06.06"]
[EventType "swiss"]
[EventRounds "8"]
[EventCountry "CAN"]
[SourceTitle "EXT 2022"]
[Source "ChessBase"]
[SourceDate "2021.10.06"]
[SourceVersion "1"]
[SourceVersionDate "2021.10.06"]
[SourceQuality "1"]

1. e4 c6 2. d4 d5 3. e5 Bf5 4. Bd3 Bxd3 5. Qxd3 e6 6. Nf3 c5 7. c3 Qb6 8. O-O Nc6 9. dxc5 Qc7 10. Be3 Nxe5 11. Nxe5 Qxe5 12. Qb5+ Kd8 13. Qxb7 Rb8 14. Qxa7 Rxb2 15. Qxf7 Nf6 16. Bd4 Qc7 17. Bxf6+ 1-0

[Event "Winnipeg op"]
[Site "Winnipeg CAN"]
[Date "2017.07.25"]
[Round "8"]
[White "Beach, Brock"]
[Black "Nones, Teodulfo II"]
[Result "0-1"]
[WhiteElo "1424"]
[BlackElo "1618"]
[WhiteFideId "-1"]
[WhiteFideId "-1"]
[PlyCount "46"]
[GameId "2160767908411317"]
[EventDate "2017.06.06"]
[EventType "swiss"]
[EventRounds "8"]
[EventCountry "CAN"]
[SourceTitle "EXT 2022"]
[Source "ChessBase"]
[SourceDate "2021.10.06"]
[SourceVersion "1"]
[SourceVersionDate "2021.10.06"]
[SourceQuality "1"]

1. d4 g6 2. c4 Bg7 3. Nc3 d6 4. Nf3 Nc6 5. e3 Nf6 6. Bd3 O-O 7. O-O e5 8. d5 Ne7 9. e4 Ne8 10. Nd2 f5 11. f3 f4 12. b4 h5 13. c5 g5 14. a4 Ng6 15. c6 bxc6 16. dxc6 g4 17. Kh1 g3 18. h3 Qh4 19. Qe2 Bxh3 20. gxh3 Qxh3+ 21. Kg1 Nh4 22. Rd1 Nf6 23. Nd5 Ng4 0-1

[Event "Winnipeg op"]
[Site "Winnipeg CAN"]
[Date "2017.07.25"]
[Round "8"]
[White "Bince, Rolando"]
[Black "Prince, Colin"]
[Result "1-0"]
[WhiteElo "2051"]
[BlackElo "1863"]
[WhiteFideId "-1"]
[WhiteFideId "-1"]
[PlyCount "56"]
[GameId "2160767740940931"]
[EventDate "2017.06.06"]
[EventType "swiss"]
[EventRounds "8"]
[EventCountry "CAN"]

1. e4 e5 2. Nf3 Nc6 3. Bb5 a6 4. Ba4 Nf6 5. O-O Be7 6. Re1 b5 7. Bb3 O-O 8. d4 exd4 9. e5 Ne8 10. Bd5 Rb8 11. Bxc6 dxc6 12. Nxd4 Rb6 13. Be3 c5 14. Nb3 Qxd1 15. Rxd1 c4 16. Nd4 c5 17. Nf3 Rg6 18. Nc3 Nc7 19. Kf1 Bf5 20. Rac1 b4 21. Ne2 Be6 22. Nf4 Rh6 23. Nxe6 Rxe6 24. Rd7 Ne8 25. Rxe7 Rxe7 26. Bxc5 Rb7 27. Rd1 Nc7 28. Bxf8 Kxf8 {[etc. White won in moves. ]} 1-0

[Event "Winnipeg op"]
[Site "Winnipeg CAN"]
[Date "2017.07.25"]
[Round "8"]
[White "Czarny, Keith"]
[Black "Letain, Cory"]
[Result "1-0"]
[WhiteElo "1664"]
[BlackElo "1632"]
[WhiteFideId "-1"]
[WhiteFideId "-1"]
[PlyCount "55"]
[GameId "2160767908411318"]
[EventDate "2017.06.06"]
[EventType "swiss"]
[EventRounds "8"]
[EventCountry "CAN"]
[SourceTitle "EXT 2022"]
[Source "ChessBase"]
[SourceDate "2021.10.06"]
[SourceVersion "1"]
[SourceVersionDate "2021.10.06"]
[SourceQuality "1"]

1. c4 Nf6 2. Nc3 g6 3. Nf3 Bg7 4. g3 O-O 5. Bg2 d6 6. O-O c5 7. d4 Nc6 8. dxc5 dxc5 9. Qxd8 Rxd8 10. Nb5 a6 11. Nc7 Rb8 12. Bf4 Nd7 13. Rad1 e5 14. Bg5 f6 15. Bc1 Nd4 16. e3 Ne2+ 17. Kh1 Nxc1 18. Rxc1 Nb6 19. Rfd1 Bg4 20. h3 Bxf3 21. Bxf3 Rxd1+ 22. Bxd1 Rd8 23. Ne6 Rd2 24. Kg1 Nxc4 25. Nxc5 Nxb2 26. Bb3+ Kf8 27. Ne6+ Ke7 28. Rc7+ 1-0

[Event "Winnipeg op"]
[Site "Winnipeg CAN"]
[Date "2017.07.25"]
[Round "8"]
[White "Einarsson, Ken"]
[Black "Remillard, John"]
[Result "1-0"]
[WhiteElo "1777"]
[BlackElo "1636"]
[WhiteFideId "-1"]
[WhiteFideId "-1"]
[PlyCount "83"]
[GameId "2160767908411319"]
[EventDate "2017.06.06"]
[EventType "swiss"]
[EventRounds "8"]
[EventCountry "CAN"]
[SourceTitle "EXT 2022"]
[Source "ChessBase"]
[SourceDate "2021.10.06"]
[SourceVersion "1"]
[SourceVersionDate "2021.10.06"]
[SourceQuality "1"]

1. d4 c5 2. d5 d6 3. c4 e5 4. e4 Nf6 5. Nc3 Bd7 6. Nf3 a6 7. Qb3 Qc7 8. Bd3 Be7 9. Na4 Bxa4 10. Qxa4+ Nbd7 11. O-O O-O 12. Rb1 a5 13. a3 Rfb8 14. Bd2 Bd8 15. Qc2 b6 16. Nh4 Nf8 17. g3 Qd7 18. Nf5 g6 19. Ne3 Nh5 20. Be2 Ng7 21. f4 exf4 22. Rxf4 Bg5 23. Rf2 Bxe3 24. Bxe3 Qd8 25. Rbf1 Ra7 26. Bh6 Ne8 27. Qc3 f6 28. Bg4 Rf7 29. Bxf8 Rxf8 30. Be6+ Kg7 31. b4 axb4 32. axb4 Nc7 33. Bg4 Na6 34. b5 Nb4 35. h4 Qe7 36. Be6 h5 37. Qf3 Ra8 38. g4 hxg4 39. Qxg4 Ra2 40. h5 Rxf2 41. Qxg6+ Kh8 42. Qh6+ 1-0

[Event "Winnipeg op"]
[Site "Winnipeg CAN"]
[Date "2017.07.25"]
[Round "8"]
[White "Evans, Jason"]
[Black "Magyar, Peter"]
[Result "1-0"]
[WhiteElo "1619"]
[BlackElo "1559"]
[WhiteFideId "-1"]
[WhiteFideId "-1"]
[PlyCount "75"]
[GameId "2160767908411320"]
[EventDate "2017.06.06"]
[EventType "swiss"]
[EventRounds "8"]
[EventCountry "CAN"]
[SourceTitle "EXT 2022"]
[Source "ChessBase"]
[SourceDate "2021.10.06"]
[SourceVersion "1"]
[SourceVersionDate "2021.10.06"]
[SourceQuality "1"]

1. e4 e6 2. d4 d5 3. Nd2 Nf6 4. e5 Nfd7 5. Bd3 Be7 6. Ne2 O-O 7. O-O c5 8. c3 Nc6 9. f4 Kh8 10. Nf3 h6 11. Be3 b6 12. Qd2 f5 13. exf6 Nxf6 14. Ne5 Bb7 15. Ng6+ Kg8 16. Nxf8 Qxf8 17. Rae1 Re8 18. Qc2 Bc8 19. Bg6 Rd8 20. f5 e5 21. dxe5 Nxe5 22. Ng3 d4 23. cxd4 cxd4 24. Bxd4 Bc5 25. Bxc5 Qxc5+ 26. Qxc5 bxc5 27. Rxe5 Ba6 28. Rfe1 Bb5 29. Rxc5 a6 30. Rc7 Ne8 31. Bxe8 Bxe8 32. Ra7 Bb5 33. Nh5 Kf8 34. Nxg7 Rc8 35. Ne6+ Kg8 36. f6 Be8 37. Rg7+ Kh8 38. f7 1-0

[Event "Winnipeg op"]
[Site "Winnipeg CAN"]
[Date "2017.07.25"]
[Round "8"]
[White "Furda, Evheniya Diana"]
[Black "Leaden, Bruce"]
[Result "1/2-1/2"]
[WhiteElo "1579"]
[BlackElo "1427"]
[WhiteFideId "-1"]
[WhiteFideId "-1"]
[PlyCount "96"]
[GameId "2160767908411321"]
[EventDate "2017.06.06"]
[EventType "swiss"]
[EventRounds "8"]
[EventCountry "CAN"]
[SourceTitle "EXT 2022"]
[Source "ChessBase"]
[SourceDate "2021.10.06"]
[SourceVersion "1"]
[SourceVersionDate "2021.10.06"]
[SourceQuality "1"]

1. e4 e6 2. d4 d5 3. Nc3 c5 4. dxc5 d4 5. Nb5 Nc6 6. Nf3 e5 7. Bc4 Bxc5 8. Ng5 Qa5+ 9. Bd2 Bb4 10. a3 Bxd2+ 11. Qxd2 Be6 12. Qxa5 Nxa5 13. Bxe6 fxe6 14. Nc7+ Ke7 15. Nxa8 Nf6 16. Nc7 Rc8 17. Ncxe6 h6 18. Nxg7 hxg5 19. Nf5+ Ke6 20. f3 Rxc2 21. O-O Nb3 22. Rad1 b5 23. Rf2 Rc7 24. Rd3 Nc1 25. Rdd2 Nb3 26. Rc2 Rc4 27. a4 a6 28. axb5 axb5 29. h3 Nh5 30. g3 Nf6 31. Rh2 Nd7 32. h4 d3 33. Rc3 Rxc3 34. bxc3 d2 35. Ne3 g4 36. fxg4 Nf6 37. h5 Nxg4 38. Rxd2 Nxd2 39. Nxg4 Nxe4 40. h6 Kf7 41. Nxe5+ Kg8 42. Kg2 Kh7 43. Kf3 Nxc3 44. Nd3 Kxh6 45. Ke3 Nd5+ 46. Kd4 Ne7 47. Kc5 Kg5 48. Kxb5 Kg4 1/2-1/2

[Event "Winnipeg op"]
[Site "Winnipeg CAN"]
[Date "2017.07.25"]
[Round "8"]
[White "Goodman, Clifford"]
[Black "Reimer, Bruce"]
[Result "1-0"]
[WhiteElo "1667"]
[BlackElo "1692"]
[WhiteFideId "-1"]
[WhiteFideId "-1"]
[PlyCount "89"]
[GameId "2160767908411323"]
[EventDate "2017.06.06"]
[EventType "swiss"]
[EventRounds "8"]
[EventCountry "CAN"]
[SourceTitle "EXT 2022"]
[Source "ChessBase"]
[SourceDate "2021.10.06"]
[SourceVersion "1"]
[SourceVersionDate "2021.10.06"]
[SourceQuality "1"]

1. b3 e5 2. Bb2 d6 3. c4 g6 4. d4 Bg7 5. dxe5 dxe5 6. Qxd8+ Kxd8 7. Nf3 Nc6 8. g3 Nd4 9. Nxd4 exd4 10. e3 c5 11. Na3 Bf5 12. O-O-O Be4 13. Rg1 Bf3 14. Rd3 Bh6 15. Bg2 Bxg2 16. Rxg2 Ke7 17. Kd1 Bg7 18. exd4 Rd8 19. Nc2 Nf6 20. d5 Kf8 21. f4 Ne4 22. Bxg7+ Kxg7 23. Re2 Rhe8 24. Rde3 f5 25. Ne1 Re7 26. Nf3 Nf2+ 27. Kc2 Ne4 28. Ng5 Rde8 29. Nxe4 Rxe4 30. Kd3 Rd4+ 31. Kc2 Rxe3 32. Rxe3 Re4 33. Rxe4 fxe4 34. Kd2 Kf6 35. Ke3 Kf5 36. h3 h5 37. a3 a6 38. g4+ hxg4 39. hxg4+ Kf6 40. Kxe4 b6 41. g5+ Ke7 42. Ke5 Kf7 43. Kd6 Kf8 44. Kc7 b5 45. d6 1-0

[Event "Winnipeg op"]
[Site "Winnipeg CAN"]
[Date "2017.07.25"]
[Round "8"]
[White "Hemphill, Jim"]
[Black "Piche, Jeremie"]
[Result "1-0"]
[WhiteElo "1762"]
[BlackElo "1686"]
[WhiteFideId "-1"]
[WhiteFideId "-1"]
[PlyCount "55"]
[GameId "2160767908411324"]
[EventDate "2017.06.06"]
[EventType "swiss"]
[EventRounds "8"]
[EventCountry "CAN"]
[SourceTitle "EXT 2022"]
[Source "ChessBase"]
[SourceDate "2021.10.06"]
[SourceVersion "1"]
[SourceVersionDate "2021.10.06"]
[SourceQuality "1"]

1. d4 Nf6 2. Bf4 e6 3. Nf3 b6 4. e3 Bb7 5. Bd3 d5 6. Nbd2 Nbd7 7. h3 Be7 8. O-O O-O 9. c3 c5 10. Bh2 Re8 11. Ne5 Nxe5 12. dxe5 Nd7 13. Qa4 f5 14. exf6 Bxf6 15. Rfe1 e5 16. Bb5 Re7 17. Rad1 a6 18. Bf1 e4 19. Bd6 Rf7 20. Nxe4 dxe4 21. Bc4 Qe8 22. Be6 Ne5 23. Bxe5 Bxe5 24. Rd7 Bc8 25. Bxf7+ Qxf7 26. Rd8+ Qf8 27. Rxf8+ Kxf8 28. Qxe4 1-0

[Event "Winnipeg op"]
[Site "Winnipeg CAN"]
[Date "2017.07.25"]
[Round "8"]
[White "Jenkins, Mark"]
[Black "Piche, Zachary"]
[Result "1/2-1/2"]
[WhiteElo "1409"]
[BlackElo "1456"]
[WhiteFideId "-1"]
[WhiteFideId "-1"]
[PlyCount "72"]
[GameId "2160767908411325"]
[EventDate "2017.06.06"]
[EventType "swiss"]
[EventRounds "8"]
[EventCountry "CAN"]
[SourceTitle "EXT 2022"]
[Source "ChessBase"]
[SourceDate "2021.10.06"]
[SourceVersion "1"]
[SourceVersionDate "2021.10.06"]
[SourceQuality "1"]

1. d4 Nf6 2. c4 e6 3. Nf3 b6 4. Bg5 Bb7 5. e3 h6 6. Bh4 Be7 7. Bxf6 Bxf6 8. g3 c5 9. Bg2 Nc6 10. O-O O-O 11. Nc3 cxd4 12. exd4 Rc8 13. b3 Qe7 14. Re1 g5 15. Rc1 Kh8 16. Qd2 Kg7 17. Rcd1 h5 18. Ne4 g4 19. Nxf6 Qxf6 20. Qg5+ Qg6 21. Qxg6+ fxg6 22. Ng5 Rf5 23. h4 gxh3 24. Nxh3 g5 25. Be4 Ra5 26. Re2 g4 27. Nf4 Rg5 28. d5 exd5 29. Rxd5 Ne5 30. Rd4 Bxe4 31. Rdxe4 Nf3+ 32. Kg2 h4 33. gxh4 Nxh4+ 34. Kg3 Nf5+ 35. Kg2 Nh4+ 36. Kf1 Nf5 1/2-1/2

[Event "Winnipeg op"]
[Site "Winnipeg CAN"]
[Date "2017.07.25"]
[Round "8"]
[White "Mandusic, Ante"]
[Black "Marshall, Carter"]
[Result "0-1"]
[WhiteElo "1200"]
[BlackElo "1451"]
[WhiteFideId "-1"]
[WhiteFideId "-1"]
[PlyCount "66"]
[GameId "2160767908411326"]
[EventDate "2017.06.06"]
[EventType "swiss"]
[EventRounds "8"]
[EventCountry "CAN"]
[SourceTitle "EXT 2022"]
[Source "ChessBase"]
[SourceDate "2021.10.06"]
[SourceVersion "1"]
[SourceVersionDate "2021.10.06"]
[SourceQuality "1"]

1. e4 e5 2. d3 Nc6 3. Nf3 Nf6 4. Be3 d5 5. g3 d4 6. Bd2 Bg4 7. Bg2 Qd7 8. h3 Be6 9. Ng5 O-O-O 10. Nxe6 Qxe6 11. O-O h6 12. c3 Bc5 13. c4 g5 14. g4 Rdg8 15. Bf3 h5 16. Qe2 Kb8 17. Bc1 Ne7 18. Kh2 hxg4 19. Bxg4 Nxg4+ 20. Kg3 Ne3 21. Rh1 g4 22. Kh2 gxh3 23. fxe3 Rg2+ 24. Qxg2 hxg2+ 25. Kxg2 Qg4+ 26. Kf2 dxe3+ 27. Bxe3 Bxe3+ 28. Kxe3 Rxh1 29. Kd2 Qd1+ 30. Kc3 Nc6 31. a4 Rh2 32. Nd2 Qxd2+ 33. Kb3 Qxb2# 0-1

[Event "Winnipeg op"]
[Site "Winnipeg CAN"]
[Date "2017.07.25"]
[Round "8"]
[White "Trueman, Francis"]
[Black "Gannon, Keith"]
[Result "1/2-1/2"]
[WhiteElo "1424"]
[BlackElo "1618"]
[WhiteFideId "-1"]
[WhiteFideId "-1"]
[PlyCount "117"]
[GameId "2160767908411328"]
[EventDate "2017.06.06"]
[EventType "swiss"]
[EventRounds "8"]
[EventCountry "CAN"]
[SourceTitle "EXT 2022"]
[Source "ChessBase"]
[SourceDate "2021.10.06"]
[SourceVersion "1"]
[SourceVersionDate "2021.10.06"]
[SourceQuality "1"]

1. e4 e5 2. d3 Nf6 3. Nd2 Be7 4. Ngf3 Nc6 5. g3 O-O 6. Bg2 d5 7. O-O Re8 8. Re1 d4 9. Qe2 Nb4 10. Nf1 Bg4 11. h4 c5 12. N1h2 Bxf3 13. Nxf3 Nc6 14. Nh2 b5 15. g4 Nd7 16. g5 g6 17. Bh3 a5 18. Ng4 f6 19. f4 exf4 20. Nh6+ Kg7 21. Bxd7 Qxd7 22. Bxf4 fxg5 23. hxg5 Bd6 24. Rf1 Bxf4 25. Rxf4 Ne5 26. Qh2 Rf8 27. Qg3 Qe7 28. Raf1 Rxf4 29. Rxf4 Rf8 30. Rxf8 Kxf8 31. Qf4+ Kg7 32. Kg2 c4 33. dxc4 bxc4 34. Ng4 Nxg4 35. Qxg4 h6 36. gxh6+ Kxh6 37. Qh3+ Kg7 38. Qg4 g5 39. a4 c3 40. bxc3 dxc3 41. Qf5 Kh6 42. Qh3+ Kg6 43. Qf5+ Kg7 44. Kg3 Qd6+ 45. Kh3 Qd2 46. e5 Qe3+ 47. Kg2 Qe2+ 48. Kg3 Qe3+ 49. Kg2 Qd2+ 50. Kg3 Qe1+ 51. Kg2 Qd2+ 52. Kf3 Qd1+ 53. Kf2 Qd4+ 54. Kf3 Qd1+ 55. Kf2 g4 56. Qf6+ Kg8 57. Qg5+ Kf8 58. Qf5+ Ke8 59. Qe6+ 1/2-1/2

[Event "Winnipeg op"]
[Site "Winnipeg CAN"]
[Date "2017.07.25"]
[Round "8"]
[White "Wiebe, Isaac"]
[Black "Boron, Anthony"]
[Result "1-0"]
[WhiteElo "2235"]
[BlackElo "2058"]
[WhiteFideId "-1"]
[WhiteFideId "-1"]
[PlyCount "57"]
[GameId "2160767908411329"]
[EventDate "2017.06.06"]
[EventType "swiss"]
[EventRounds "8"]
[EventCountry "CAN"]
[SourceTitle "EXT 2022"]
[Source "ChessBase"]
[SourceDate "2021.10.06"]
[SourceVersion "1"]
[SourceVersionDate "2021.10.06"]
[SourceQuality "1"]

1. e4 c6 2. d4 d5 3. exd5 cxd5 4. c4 Nf6 5. Nc3 e6 6. Nf3 Bb4 7. Bd3 O-O 8. O-O dxc4 9. Bxc4 Nc6 10. Bg5 Be7 11. Re1 Re8 12. a3 a6 13. Qd3 b5 14. Bb3 g6 15. Rad1 Na5 16. Ba2 Nc6 17. Bxf6 Bxf6 18. d5 b4 19. Ne4 Bxb2 20. dxc6 Qa5 21. Nd6 Rd8 22. Qb3 bxa3 23. Nc4 Qc7 24. Rxd8+ Qxd8 25. Rd1 Qf6 26. Nb6 Rb8 27. Nd7 Rxb3 28. Nxf6+ Kg7 29. Ne8+ 1-0

[Event "Winnipeg op"]
[Site "Winnipeg CAN"]
[Date "2017.07.25"]
[Round "8"]
[White "Wolchock, Theo"]
[Black "Swift, Ryne"]
[Result "1/2-1/2"]
[WhiteElo "2103"]
[BlackElo "1927"]
[WhiteFideId "-1"]
[WhiteFideId "-1"]
[PlyCount "41"]
[GameId "2160767908411330"]
[EventDate "2017.06.06"]
[EventType "swiss"]
[EventRounds "8"]
[EventCountry "CAN"]
[SourceTitle "EXT 2022"]
[Source "ChessBase"]
[SourceDate "2021.10.06"]
[SourceVersion "1"]
[SourceVersionDate "2021.10.06"]
[SourceQuality "1"]

1. c4 c5 2. g3 Nc6 3. Bg2 g6 4. Nc3 Bg7 5. e3 e6 6. Nge2 Nge7 7. d4 cxd4 8. exd4 d5 9. cxd5 Nxd5 10. Nxd5 exd5 11. Be3 Be6 12. O-O O-O 13. Qd2 f5 14. Nf4 Re8 15. Rac1 Bf8 16. h4 Bf7 17. Qd1 Qd7 18. Nd3 Rac8 19. Qa4 Ne5 20. Qxd7 Nxd7 21. Rfd1 1/2-1/2

[Event "Young Stars 1"]
[Site "Montreal CAN"]
[Date "2017.05.05"]
[Round "1"]
[White "Fan, Run Kun"]
[Black "Huang, Qiuyu"]
[Result "0-1"]
[WhiteElo "1981"]
[BlackElo "2195"]
[WhiteFideId "-1"]
[WhiteFideId "-1"]
[PlyCount "116"]
[GameId "2160767908411548"]
[EventDate "2017.05.05"]
[EventType "tourn"]
[EventRounds "10"]
[EventCountry "CAN"]
[SourceTitle "EXT 2022"]
[Source "ChessBase"]
[SourceDate "2021.10.06"]
[SourceVersion "1"]
[SourceVersionDate "2021.10.06"]
[SourceQuality "1"]

1. e4 c5 2. Nc3 Nc6 3. f4 g6 4. Nf3 Bg7 5. Bb5 Nh6 6. Bxc6 bxc6 7. O-O O-O 8. d3 f5 9. e5 d6 10. Re1 Qc7 11. Qe2 Nf7 12. Bd2 h6 13. Na4 Kh7 14. c4 Nd8 15. Qf2 Ne6 16. Re2 Bd7 17. Rae1 d5 18. Nxc5 a5 19. Be3 Rfc8 20. Qh4 Nxc5 21. Bxc5 e6 22. Nd4 a4 23. Qe7 Qd8 24. Qxd8 Rxd8 25. cxd5 cxd5 26. Rc2 Rdc8 27. Rec1 g5 28. g3 gxf4 29. gxf4 h5 30. Kf2 Bh6 31. Ke3 Rg8 32. Be7 Rg4 33. Rf1 Rc8 34. Rxc8 Bxc8 35. Ne2 Rg7 36. Bd6 Bd7 37. Bf8 Rg2 38. Bxh6 Kxh6 39. Rf2 Rg8 40. Kd4 h4 41. Nc3 Be8 42. Kc5 Bh5 43. Kd6 h3 44. Kxe6 Rg2 45. Rf1 Rxh2 46. Nxd5 Rxb2 47. Ne7 Bg4 48. Nxf5+ Kg6 49. Ke7 Kxf5 50. d4 h2 51. d5 Rb7+ 52. Kd8 Bf3 53. e6 h1=Q 54. Rxh1 Bxh1 55. e7 Bxd5 56. e8=Q Rb8+ 57. Ke7 Rxe8+ 58. Kxe8 Bxa2 0-1